[Event "IM Tespo Engineering"]
[Site "Brno CZE"]
[Date "2009.06.30"]
[Round "7"]
[White "Bagrationi,A"]
[Black "Kuchynka,Luk"]
[Result "1-0"]
[WhiteElo "2370"]
[BlackElo "2199"]
[EventDate "2009.06.26"]

1. d4 Nf6 2. c4 e6 3. Nf3 Bb4+ 4. Nbd2 b6 5. a3 Bxd2+ 6. Qxd2 Bb7 7. e3 O-O
8. Be2 d6 9. b4 Nbd7 10. Bb2 Qe7 11. O-O Ne4 12. Qc2 f5 13. Ne1 Rf6 14. f3
Ng5 15. c5 dxc5 16. dxc5 Rh6 17. Rd1 Bd5 18. cxb6 Nxb6 19. Be5 c6 20. Bd3
Nd7 21. Bg3 c5 22. Bxf5 cxb4 23. axb4 Nb6 24. Bg4 Rc8 25. Qb1 Bc4 26. Bd6
Qb7 27. Bf4 Rg6 28. Nd3 Nd5 29. Ne5 Nc3 30. Qb2 Ne2+ 31. Kh1 Nxf4 32. exf4
Bxf1 33. Nxg6 Bc4 34. Ne5 Nf7 35. Nxc4 1-0

[Event "IM Tespo Engineering"]
[Site "Brno CZE"]
[Date "2009.07.01"]
[Round "8"]
[White "Lundeby,O"]
[Black "Bagrationi,A"]
[Result "0-1"]
[WhiteElo "2213"]
[BlackElo "2370"]
[EventDate "2009.06.26"]

1. e4 e6 2. d4 d5 3. e5 c5 4. c3 Nc6 5. Nf3 Qb6 6. a3 Bd7 7. b4 cxd4 8.
cxd4 Rc8 9. Be2 Nge7 10. Be3 Nf5 11. O-O Be7 12. Qd3 a6 13. Rc1 O-O 14.
Nbd2 Nb8 15. Nb3 Bb5 16. Qd2 Nxe3 17. fxe3 Bxe2 18. Qxe2 Qa7 19. Rc2 b6 20.
Rac1 Qb7 21. Qd2 Rc6 22. Rxc6 Nxc6 23. Rc2 Rc8 24. Qc1 Na7 25. Rxc8+ Qxc8
26. Qxc8+ Nxc8 27. Ne1 Kf8 28. Kf2 Ke8 29. Nd3 Na7 30. Ke1 Nb5 31. a4 Na3
32. a5 Kd7 33. axb6 Kc6 34. Ndc5 Kxb6 35. Nd2 Nc2+ 36. Ke2 Nxb4 37. Nd3
Nxd3 38. Kxd3 Kb5 0-1

[Event "IM Tespo Engineering"]
[Site "Brno CZE"]
[Date "2009.07.01"]
[Round "8"]
[White "Simek,P2"]
[Black "Cip,D"]
[Result "1-0"]
[WhiteElo "2253"]
[BlackElo "2200"]
[EventDate "2009.06.26"]

1. e4 e5 2. Nf3 Nf6 3. d4 exd4 4. e5 Ne4 5. Qxd4 d5 6. exd6 Nxd6 7. Bg5 f6
8. Bf4 Nc6 9. Qd2 Qe7+ 10. Be2 Be6 11. O-O Qf7 12. Nd4 Nxd4 13. Qxd4 Nf5
14. Qe4 O-O-O 15. Rd1 Rxd1+ 16. Bxd1 Nd6 17. Qa4 a6 18. Nc3 g5 19. Bg3 Nc4
20. Bf3 h5 21. h4 g4 22. Bd5 Bxd5 23. Nxd5 Qxd5 24. Qe8+ Qd8 25. Qe6+ Qd7
26. Qxc4 Bg7 27. Kh2 f5 28. Rd1 Qe7 29. Re1 Qd7 30. Rd1 Qe7 31. Rd5 Rf8 32.
Qf4 Bxb2 33. Rxf5 Bg7 34. Rxf8+ Bxf8 35. Qf5+ Kb8 36. Qxh5 Qg7 37. Qg5 Qd4
38. Qg8 Qg7 39. Qxg7 Bxg7 40. Bf4 Kc8 41. Kg3 Bd4 42. Be3 Bxe3 43. fxe3 b5
44. h5 1-0

[Event "IM Tespo Engineering"]
[Site "Brno CZE"]
[Date "2009.07.01"]
[Round "8"]
[White "Ponizil,C"]
[Black "Pakhomov,A"]
[Result "0-1"]
[WhiteElo "2278"]
[BlackElo "2439"]
[EventDate "2009.06.26"]

1. e4 c6 2. d4 d5 3. exd5 cxd5 4. c4 e6 5. Nc3 Nf6 6. Nf3 Be7 7. c5 O-O 8.
Bg5 b6 9. b4 a5 10. Na4 Nfd7 11. Bxe7 Qxe7 12. Bb5 axb4 13. c6 Nf6 14. Rc1
Ra5 15. c7 Na6 16. Bxa6 Rxa6 17. Ne5 Bd7 18. Nc6 Qd6 19. Nd8 Ra7 20. c8=Q
Bxc8 21. Rxc8 Rxd8 22. Qc2 g6 23. Rxd8+ Qxd8 24. O-O Rc7 25. Qd2 Qd6 26. f3
Ra7 27. Qc2 Qf4 28. Rd1 Rc7 29. Qd3 Nd7 30. g3 Qd6 31. Rb1 e5 32. Re1 f6
33. Re2 Rc4 34. dxe5 Nxe5 35. Qe3 Qc6 36. f4 Re4 37. Qf2 Nd3 38. Qf3 Qc1+
0-1

[Event "IM Tespo Engineering"]
[Site "Brno CZE"]
[Date "2009.07.01"]
[Round "8"]
[White "Spodny,J"]
[Black "Pisk,P"]
[Result "1/2-1/2"]
[WhiteElo "2088"]
[BlackElo "2324"]
[EventDate "2009.06.26"]

1. e4 c5 2. f4 d5 3. exd5 Nf6 4. Nc3 Nxd5 5. Bb5+ Bd7 6. Bxd7+ Qxd7 7. Nxd5
Qxd5 8. Qf3 Qxf3 9. Nxf3 Nc6 10. b3 e6 1/2-1/2

[Event "IM Tespo Engineering"]
[Site "Brno CZE"]
[Date "2009.07.02"]
[Round "9"]
[White "Pakhomov,A"]
[Black "Spodny,J"]
[Result "1/2-1/2"]
[WhiteElo "2439"]
[BlackElo "2088"]
[EventDate "2009.06.26"]

1. d4 Nf6 2. c4 e6 3. Nf3 Bb4+ 4. Bd2 Qe7 5. g3 Nc6 6. Bg2 Bxd2+ 7. Nbxd2
d6 8. e4 e5 9. d5 Nb8 10. O-O O-O 1/2-1/2

[Event "IM Tespo Engineering"]
[Site "Brno CZE"]
[Date "2009.07.02"]
[Round "9"]
[White "Pertlova,S"]
[Black "Ponizil,C"]
[Result "0-1"]
[WhiteElo "2232"]
[BlackElo "2278"]
[EventDate "2009.06.26"]

1. d4 Nf6 2. c4 g6 3. g3 Bg7 4. Bg2 d6 5. Nf3 O-O 6. Nc3 Nc6 7. d5 Na5 8.
b3 c5 9. Bb2 a6 10. O-O Rb8 11. Nd2 b5 12. Qc2 e5 13. dxe6 fxe6 14. cxb5
axb5 15. Nce4 Bb7 16. Rad1 Nxe4 17. Nxe4 Bxb2 18. Qxb2 Bxe4 19. Bxe4 d5 20.
Bg2 Qd6 21. h4 Nc6 22. h5 gxh5 23. Qc1 Nd4 24. Rfe1 Qe5 25. e4 h4 26. gxh4
Kh8 27. Qg5 Nf3+ 28. Bxf3 Rg8 29. exd5 Rxg5+ 30. hxg5 Qxg5+ 31. Kf1 Qf6 32.
Be4 Rf8 33. f3 Rd8 34. dxe6 Rxd1 35. Rxd1 Qxe6 36. Rd2 h6 37. Rg2 Qe5 38.
Kg1 h5 39. Bc6 c4 40. Be4 c3 41. Kf2 h4 42. Rg6 Qf4 43. Rc6 h3 0-1

[Event "IM Tespo Engineering"]
[Site "Brno CZE"]
[Date "2009.07.02"]
[Round "9"]
[White "Cip,D"]
[Black "Borosova,Z"]
[Result "0-1"]
[WhiteElo "2200"]
[BlackElo "2260"]
[EventDate "2009.06.26"]

1. d4 Nf6 2. c4 c5 3. d5 b5 4. cxb5 a6 5. bxa6 g6 6. Nc3 Bxa6 7. Nf3 d6 8.
g3 Bg7 9. Bg2 O-O 10. O-O Nbd7 11. Qc2 Nb6 12. Nd2 Qc7 13. Rb1 Rfb8 14. b3
Qb7 15. Nc4 Nxc4 16. bxc4 Qd7 17. Rxb8+ Rxb8 18. Ne4 Nxe4 19. Bxe4 Rb4 20.
Bd3 Qa4 21. Bd2 Qxc2 22. Bxc2 Rb2 23. Rb1 Bxc4 24. a4 Rxb1+ 25. Bxb1 Bxe2
26. a5 Kf8 27. Bc2 Ke8 28. Ba4+ Kd8 29. Bc6 Ba6 30. Kg2 Bb2 31. Kf3 Kc7 32.
g4 Bb7 33. Bxb7 Kxb7 34. Ke4 Ka6 35. Kd3 Kb5 36. f3 Ba3 37. Bh6 e6 38. dxe6
fxe6 39. Bf4 c4+ 40. Kc2 Kxa5 41. Kc3 Kb5 42. h3 Bb4+ 43. Kc2 d5 44. Be5
Kc5 45. f4 d4 46. h4 Kd5 47. h5 Ke4 48. hxg6 hxg6 0-1

[Event "IM Tespo Engineering"]
[Site "Brno CZE"]
[Date "2009.07.02"]
[Round "9"]
[White "Bagrationi,A"]
[Black "Simek,P2"]
[Result "1/2-1/2"]
[WhiteElo "2370"]
[BlackElo "2253"]
[EventDate "2009.06.26"]

1. d4 Nf6 2. c4 e6 3. Nf3 b6 4. a3 Bb7 5. Nc3 d5 6. cxd5 Nxd5 7. Qc2 Be7 8.
e4 Nxc3 9. bxc3 O-O 10. Bd3 c5 11. Bf4 Qc8 12. Qd2 Ba6 13. O-O Bxd3 14.
Qxd3 cxd4 15. cxd4 Qa6 16. Qb3 Nd7 17. a4 Rac8 18. Qb5 Qb7 19. Qe2 Nf6 20.
Rfe1 Bb4 21. Bd2 Rc2 22. Qd3 Bxd2 23. Qxc2 Bxe1 24. Rxe1 Rc8 25. Qd3 h6
1/2-1/2

[Event "IM Tespo Engineering"]
[Site "Brno CZE"]
[Date "2009.07.02"]
[Round "9"]
[White "Kuchynka,Luk"]
[Black "Lundeby,O"]
[Result "1/2-1/2"]
[WhiteElo "2199"]
[BlackElo "2213"]
[EventDate "2009.06.26"]

1. e4 c6 2. d4 d5 3. Nc3 dxe4 4. Nxe4 Bf5 5. Ng3 g6 6. Nxf5 gxf5 7. Nf3 e6
8. Bd3 Nd7 9. Qe2 Bh6 10. Bxh6 Nxh6 11. O-O-O Qf6 12. Kb1 O-O-O 13. c4 Rhe8
14. Rhe1 Qg7 15. g3 Ng4 16. Qc2 Kb8 17. d5 c5 18. Re2 Qf6 19. Rde1 f4 20.
dxe6 Rxe6 21. Bf5 Rxe2 22. Rxe2 Nde5 23. Bxg4 Nxg4 24. Qe4 Qg6 25. Qxg6
fxg6 26. h3 Nf6 27. gxf4 Nh5 28. f5 gxf5 29. Re5 Rd1+ 30. Kc2 Rf1 31. Rxf5
1/2-1/2

[Event "IM Tespo Engineering"]
[Site "Brno CZE"]
[Date "2009.07.03"]
[Round "10"]
[White "Simek,P2"]
[Black "Kuchynka,Luk"]
[Result "1/2-1/2"]
[WhiteElo "2253"]
[BlackElo "2199"]
[EventDate "2009.06.26"]

1. e4 c5 2. Nf3 Nc6 3. Bb5 Qb6 4. Nc3 e6 5. O-O Nge7 6. Re1 a6 7. Bf1 g6 8.
b3 Bg7 9. Bb2 Nd4 10. Nxd4 cxd4 11. Ne2 O-O 12. c3 dxc3 13. Bxc3 d5 14. e5
Bd7 15. d4 Rfc8 16. Qd2 a5 17. Rab1 Nc6 18. h4 Bf8 19. h5 Nb4 20. Rec1 Bb5
21. Ng3 Bxf1 22. Nxf1 Qd8 23. g3 gxh5 24. Nh2 f5 25. Nf3 Qe8 26. Kg2 Qg6
27. Nh4 Qg4 28. f3 Qg7 29. Bxb4 Bxb4 30. Rxc8+ Rxc8 31. Rc1 Bxd2 32. Rxc8+
Qf8 33. Rxf8+ Kxf8 34. f4 Be3 35. Nf3 h4 36. Nxh4 Bxd4 37. Nf3 Bc5 38. Ng5
Ke7 39. Nxh7 Kd7 40. Nf6+ Kc6 41. g4 fxg4 42. Kg3 Kb5 43. Kxg4 Kb4 44. f5
exf5+ 45. Kxf5 d4 46. Ke4 Ka3 47. Nd7 Be7 1/2-1/2

[Event "IM Tespo Engineering"]
[Site "Brno CZE"]
[Date "2009.07.03"]
[Round "10"]
[White "Borosova,Z"]
[Black "Bagrationi,A"]
[Result "0-1"]
[WhiteElo "2260"]
[BlackElo "2370"]
[EventDate "2009.06.26"]

1. e4 c5 2. Nf3 d6 3. d4 cxd4 4. Nxd4 Nf6 5. Nc3 Nc6 6. Bc4 Qb6 7. Nde2 e6
8. O-O Be7 9. a3 O-O 10. Ng3 Rd8 11. Ba2 a6 12. Kh1 d5 13. exd5 exd5 14.
Nxd5 Nxd5 15. Bxd5 Be6 16. c4 Bxd5 17. cxd5 Qb5 18. Qe2 Rxd5 19. Be3 Bf6
20. Rab1 Re8 21. Qxb5 axb5 22. Ne2 Na5 23. Nf4 Rd7 24. b3 Rc8 25. Bb6 Bd8
26. Bxa5 Bxa5 27. Rbc1 Rxc1 28. Rxc1 Kf8 29. g3 Bb6 30. Rc2 g5 31. Nh5 Bd4
32. g4 f6 33. Ng3 Kf7 34. Nf5 Ke6 35. Kg2 Be5 36. Rc5 Rd5 37. Rc8 Rd3 38.
b4 Rc3 39. Ra8 b6 40. Ra6 Rc6 41. Ra7 h6 42. h3 Bb2 43. Nxh6 Kd5 44. Nf5
Kc4 45. f4 Kb3 46. fxg5 fxg5 47. h4 Rc2+ 48. Kf3 Rc3+ 49. Ke4 Rc4+ 50. Kf3
Rf4+ 51. Kg3 Be5 52. Kh3 Rf2 53. Ng3 gxh4 54. Kxh4 Rh2+ 55. Kg5 Bxg3 56.
Kf6 Be1 57. g5 Bc3+ 58. Kf5 Ra2 59. g6 Rxa3 60. g7 Bxg7 61. Rxg7 Kxb4 62.
Rg4+ Kc5 63. Rg1 Re3 64. Kf4 Rc3 65. Ke4 b4 66. Rg8 b3 67. Rg1 Kc4 68. Rb1
b5 69. Ke5 Re3+ 0-1

[Event "IM Tespo Engineering"]
[Site "Brno CZE"]
[Date "2009.07.03"]
[Round "10"]
[White "Ponizil,C"]
[Black "Cip,D"]
[Result "1-0"]
[WhiteElo "2278"]
[BlackElo "2200"]
[EventDate "2009.06.26"]

1. e4 c5 2. Nf3 Nc6 3. d4 cxd4 4. Nxd4 g6 5. c4 Bg7 6. Be3 Nf6 7. Nc3 Ng4
8. Qxg4 Nxd4 9. Qd1 Ne6 10. Qd2 O-O 11. Be2 d6 12. O-O Nc5 13. Rfd1 Qa5 14.
Nd5 Qxd2 15. Nxe7+ Kh8 16. Rxd2 Nxe4 17. Rc2 Be6 18. Bf3 f5 19. Rd1 b5 20.
cxb5 Bxa2 21. Rc7 Rfb8 22. Ra1 Be6 23. Rcxa7 Rxa7 24. Rxa7 Bxb2 25. b6 Nc5
26. b7 Nd7 27. Ra8 Kg7 28. Ba7 Rf8 29. Rxf8 Kxf8 30. Bc6 1-0

[Event "IM Tespo Engineering"]
[Site "Brno CZE"]
[Date "2009.07.03"]
[Round "10"]
[White "Spodny,J"]
[Black "Pertlova,S"]
[Result "1/2-1/2"]
[WhiteElo "2088"]
[BlackElo "2232"]
[EventDate "2009.06.26"]

1. d4 Nf6 2. Nf3 c5 3. c3 g6 4. g3 Bg7 5. Bg2 d5 6. O-O cxd4 7. cxd4 O-O 8.
Nc3 Ne4 9. Qb3 Nc6 10. Rd1 Na5 11. Qb4 Nc6 1/2-1/2

[Event "IM Tespo Engineering"]
[Site "Brno CZE"]
[Date "2009.07.04"]
[Round "11"]
[White "Cip,D"]
[Black "Spodny,J"]
[Result "1/2-1/2"]
[WhiteElo "2200"]
[BlackElo "2088"]
[EventDate "2009.06.26"]

1. Nf3 Nf6 2. g3 e6 3. Bg2 d5 4. O-O Be7 5. b3 O-O 6. c4 c6 7. Nc3 Nbd7 8.
d3 b6 9. Qc2 Bb7 10. e4 dxe4 11. dxe4 Qc7 12. Bb2 Rfd8 13. Rae1 Nc5 14. e5
Ne8 15. Re3 a5 16. Nd2 Rd7 17. Be4 Nxe4 18. Ndxe4 Rad8 19. f4 Bb4 20. a3
Bxc3 21. Bxc3 c5 22. f5 exf5 23. Nd6 Nxd6 24. exd6 Qxd6 25. Qxf5 Qc6 26.
Rff3 h6 27. Qg4 Rd1+ 28. Kf2 Qg6 29. Qxg6 fxg6 30. Rf4 R8d7 31. h4 Rh1 32.
Re8+ Kh7 33. Rff8 g5 34. hxg5 Rh2+ 35. Ke3 Rc2 36. Be5 hxg5 37. Rd8 1/2-1/2

[Event "IM Tespo Engineering"]
[Site "Brno CZE"]
[Date "2009.07.04"]
[Round "11"]
[White "Bagrationi,A"]
[Black "Ponizil,C"]
[Result "1-0"]
[WhiteElo "2370"]
[BlackElo "2278"]
[EventDate "2009.06.26"]

1. d4 Nf6 2. c4 g6 3. Nc3 Bg7 4. e4 d6 5. Nf3 O-O 6. Be2 e5 7. O-O Nc6 8.
d5 Ne7 9. b4 a5 10. Ba3 b6 11. bxa5 Nh5 12. Re1 f5 13. Nd2 Nf6 14. Bb4 c5
15. dxc6 Nxc6 16. Ba3 Rxa5 17. Nb5 fxe4 18. Bxd6 Rf7 19. Nb3 Ra8 20. Bc7
Qxd1 21. Bxd1 Ra6 22. c5 bxc5 23. Nxc5 Ra8 24. Bb3 Nd4 25. Nxd4 exd4 26.
Nxe4 Nxe4 27. Rxe4 Bf6 28. Rf4 Bf5 29. Bxf7+ Kxf7 30. g4 Rc8 31. Ba5 Rc5
32. Be1 Bd3 33. Bb4 Rd5 34. Rd1 Bc4 35. Rc1 Bb5 36. Rc5 Rxc5 37. Bxc5 g5
38. Rf5 Bd7 39. a4 Bxf5 40. gxf5 d3 41. Kf1 Be5 42. h3 Bc7 43. Bd4 Ba5 44.
f3 h5 45. Kf2 Ke7 46. Ke3 d2 47. Ke2 Kf7 48. Be3 Kf6 49. Bxd2 Bc7 50. a5
Kxf5 51. a6 Bb8 52. Be3 g4 53. a7 Bxa7 54. Bxa7 gxh3 55. Bb8 1-0

[Event "IM Tespo Engineering"]
[Site "Brno CZE"]
[Date "2009.07.04"]
[Round "11"]
[White "Kuchynka,Luk"]
[Black "Borosova,Z"]
[Result "1/2-1/2"]
[WhiteElo "2199"]
[BlackElo "2260"]
[EventDate "2009.06.26"]

1. e4 c5 2. Nf3 d6 3. d4 cxd4 4. Nxd4 Nf6 5. Nc3 g6 6. Be3 Bg7 7. f3 O-O 8.
Bc4 Nc6 9. Qd2 Bd7 10. O-O-O Qa5 11. g4 Rfc8 12. Bb3 Ne5 13. h4 b5 14. h5
Nc4 15. Bxc4 bxc4 16. hxg6 fxg6 17. Bh6 Bh8 18. Bg5 Rab8 19. Bxf6 Bxf6 20.
Nd5 Qxd2+ 21. Rxd2 c3 22. bxc3 Ba4 23. Rdh2 Rb7 24. Ne2 Bg7 25. Rxh7 Rcb8
26. Nb4 e6 27. R7h2 1/2-1/2

[Event "IM Tespo Engineering"]
[Site "Brno CZE"]
[Date "2009.07.04"]
[Round "11"]
[White "Lundeby,O"]
[Black "Simek,P2"]
[Result "1-0"]
[WhiteElo "2213"]
[BlackElo "2253"]
[EventDate "2009.06.26"]

1. d4 Nf6 2. Nf3 e6 3. c4 b6 4. e3 Bb7 5. Bd3 Bb4+ 6. Bd2 Qe7 7. O-O O-O 8.
Bxb4 Qxb4 9. Qc2 Qe7 10. e4 e5 11. dxe5 Ng4 12. Nc3 Nxe5 13. Nxe5 Qxe5 14.
f4 Qh5 15. Nd5 Na6 16. Be2 Qh6 17. Rf3 Qd6 18. Rd1 Rae8 19. a3 Qe6 20. Bd3
c6 21. Nc3 g6 22. b4 d6 23. Rf2 Nc7 24. e5 d5 25. cxd5 Nxd5 26. Nxd5 cxd5
27. Re1 Rc8 28. Qb2 d4 29. f5 Qd5 30. Qd2 Rfe8 31. Qh6 Kh8 32. fxg6 1-0

[Event "Open Duras BVK FIDE"]
[Site "Brno CZE"]
[Date "2009.06.26"]
[Round "1"]
[White "Schuster,P"]
[Black "Smistik,M"]
[Result "0-1"]
[WhiteElo "1918"]
[BlackElo "2311"]
[EventDate "2009.06.26"]

1. d4 Nf6 2. Nf3 d5 3. Bf4 c5 4. c3 Qb6 5. Qb3 c4 6. Qxb6 axb6 7. Nbd2 Nc6
8. e3 Nh5 9. Bg3 Nxg3 10. hxg3 Bf5 11. Be2 f6 12. e4 dxe4 13. Nh4 Be6 14.
Bxc4 Bxc4 15. Nxc4 b5 16. Nd2 e5 17. dxe5 e3 18. Ne4 exf2+ 19. Nxf2 Nxe5
20. Ke2 Kf7 21. Nf3 Nc4 22. Nd3 Bd6 23. Kf2 Bc7 24. Rh5 Rad8 25. Nd4 Rhe8
26. b3 Nd6 27. Nf4 b4 28. Nd5 Ne4+ 29. Kg1 Be5 30. Nf4 Nxg3 31. Rh4 bxc3
0-1

[Event "Open Duras BVK FIDE"]
[Site "Brno CZE"]
[Date "2009.06.26"]
[Round "1"]
[White "Kosina,V"]
[Black "Cagasik,T"]
[Result "0-1"]
[WhiteElo "1905"]
[BlackElo "2259"]
[EventDate "2009.06.26"]

1. e4 d5 2. Nc3 Nf6 3. e5 Ne4 4. d3 Nxc3 5. bxc3 d4 6. c4 Nc6 7. f4 f6 8.
exf6 exf6 9. Be2 Bb4+ 10. Bd2 Qd6 11. g3 O-O 12. Nf3 Bh3 13. Kf2 Rae8 14.
Re1 Bxd2 15. Qxd2 Re3 16. Ng1 Bd7 17. Bf3 Rfe8 18. Be4 Kf8 19. Reb1 b6 20.
Bf3 g5 21. fxg5 Ne5 22. Bh5 fxg5 23. Rf1 Bc6 24. Ne2 Nf3 25. Bxf3 Bxf3 26.
Kg1 Kg7 27. Nc1 Bb7 28. Rb1 Rxg3+ 0-1

[Event "Open Duras BVK FIDE"]
[Site "Brno CZE"]
[Date "2009.06.26"]
[Round "1"]
[White "Meszaros,Lu"]
[Black "Petruska,M"]
[Result "1-0"]
[WhiteElo "2218"]
[BlackElo "1901"]
[EventDate "2009.06.26"]

1. d4 f5 2. Nc3 g6 3. e4 fxe4 4. Nxe4 b6 5. Bd3 Bb7 6. Nf3 Bg7 7. Qe2 Nc6
8. c3 Nf6 9. Nxf6+ Bxf6 10. Bh6 e6 11. d5 Ne7 12. dxe6 dxe6 13. Bb5+ Kf7
14. Rd1 Nd5 15. c4 c6 16. cxd5 exd5 17. Ba4 Re8 18. Be3 a5 19. Qd2 b5 20.
Bc2 c5 21. O-O d4 22. Ng5+ Kg7 23. Bf4 h6 24. Qd3 Bxg5 25. Qxg6+ Kf8 26.
Bd6+ Re7 27. f4 Bh4 28. g3 Ra6 29. Rxd4 cxd4 30. Bb3 1-0

[Event "Open Duras BVK FIDE"]
[Site "Brno CZE"]
[Date "2009.06.26"]
[Round "1"]
[White "Drab,T"]
[Black "Mlynek,P"]
[Result "0-1"]
[WhiteElo "1889"]
[BlackElo "2217"]
[EventDate "2009.06.26"]

1. e4 d6 2. d4 Nf6 3. Nc3 g6 4. f4 Bg7 5. Nf3 c5 6. Bb5+ Bd7 7. e5 Ng4 8.
e6 Bxb5 9. exf7+ Kf8 10. Nxb5 Qa5+ 11. Nc3 Nc6 12. d5 Nd4 13. O-O Nf5 14.
Qe1 c4 15. Ng5 Bxc3 16. Qxc3 Qxc3 17. bxc3 Nfe3 18. Bxe3 Nxe3 19. Rf3 Nxd5
20. f5 h6 21. Ne4 Kxf7 22. fxg6+ Kxg6 23. Raf1 Rhg8 24. Rg3+ Kh7 25. Rf7+
Kh8 26. Rgf3 Rg7 27. R7f5 Nc7 28. Kf2 Ne6 29. h3 Ng5 30. Nxg5 Rxg5 31. Rxg5
hxg5 32. Rf7 Re8 33. Ke3 a6 34. Ke4 b5 35. Kf5 e5 36. Rd7 e4 37. Rxd6 e3
38. Rd1 Rf8+ 39. Ke4 Rf2 40. Kxe3 Rxg2 41. Rd8+ Kg7 42. Rd7+ Kf6 43. Rd6+
Ke5 44. Rxa6 Rxc2 45. Ra3 Rh2 46. Ra5 Rxh3+ 47. Kd2 Ke4 48. Rxb5 Rh2+ 49.
Ke1 Kd3 50. Rxg5 Kxc3 51. a4 Ra2 52. a5 Ra1+ 53. Ke2 Kc2 54. Rc5 c3 55. Ke3
Ra3 56. Ke2 Kb2 57. Rb5+ Kc1 58. Rc5 c2 59. Ke1 Ra4 60. Ke2 Ra2 61. Rb5 Rb2
62. Rb6 Kb1 0-1

[Event "Open Duras BVK FIDE"]
[Site "Brno CZE"]
[Date "2009.06.26"]
[Round "1"]
[White "Pokorny,P"]
[Black "Martisek,K"]
[Result "0-1"]
[WhiteElo "2198"]
[BlackElo "1888"]
[EventDate "2009.06.26"]

1. d4 d5 2. c4 e6 3. Nc3 c6 4. Nf3 Nf6 5. cxd5 exd5 6. Bg5 Be7 7. Qc2 Bg4
8. Ne5 Be6 9. e3 Nbd7 10. Nxd7 Qxd7 11. Bd3 h6 12. Bf4 Nh5 13. Be5 f6 14.
Bg3 Nxg3 15. hxg3 Bb4 16. a3 Bxc3+ 17. Qxc3 Bf5 18. Be2 Rc8 19. Bh5+ g6 20.
Be2 Kf7 21. Rc1 g5 22. Qa5 b6 23. Qa4 g4 24. b4 h5 25. Rc3 Kg6 26. Ba6 Rc7
27. Ke2 b5 28. Qa5 Rb8 29. Rhc1 Rb6 30. a4 bxa4 31. Qxa4 Qd6 32. Rc5 Be4
33. Bd3 Bxd3+ 34. Kxd3 Qe6 35. Ke2 Qe4 36. Rxc6 Rbxc6 37. Rxc6 Re7 38. Qc2
Qxc2+ 39. Rxc2 Rb7 40. Rc5 Rxb4 41. Rxd5 Rb2+ 42. Kd3 Rxf2 43. Ra5 Rxg2 44.
Rxa7 Rxg3 45. d5 Rg1 46. Ke2 Rc1 47. Re7 Rc2+ 48. Kd3 Rc8 49. e4 h4 50. Ra7
g3 51. Ke2 Rc2+ 52. Kf3 Rf2+ 53. Ke3 h3 54. d6 Rf1 55. d7 g2 0-1

[Event "Open Duras BVK FIDE"]
[Site "Brno CZE"]
[Date "2009.06.26"]
[Round "1"]
[White "Cihal,J"]
[Black "Markovic,Iv CZE"]
[Result "1-0"]
[WhiteElo "1881"]
[BlackElo "2194"]
[EventDate "2009.06.26"]

1. e4 Nf6 2. Nc3 e5 3. f4 d5 4. exd5 e4 5. Qe2 Qe7 6. h3 c6 7. d6 Qe6 8. d3
exd3 9. Qxe6+ Bxe6 10. Bxd3 Bxd6 11. Nge2 O-O 12. Bd2 Bc7 13. O-O-O a5 14.
g4 Na6 15. g5 Nd5 16. f5 Nxc3 17. Nxc3 Bd7 18. Ne4 Bxf5 19. Nf6+ gxf6 20.
Bxf5 Be5 21. Rdf1 Nb4 22. gxf6 Rfd8 23. Rhg1+ Kh8 24. Rg7 Bxf6 25. Rxf7
Nxa2+ 26. Kb1 Rxd2 27. Rg1 1-0

[Event "Open Duras BVK FIDE"]
[Site "Brno CZE"]
[Date "2009.06.26"]
[Round "1"]
[White "Snorek,M"]
[Black "Kalod,M"]
[Result "1-0"]
[WhiteElo "2155"]
[BlackElo "1879"]
[EventDate "2009.06.26"]

1. d4 Nf6 2. Nf3 g6 3. c4 Bg7 4. Nc3 d5 5. Bg5 Ne4 6. cxd5 Nxc3 7. bxc3
Qxd5 8. Qb3 Qa5 9. e3 Be6 10. Bc4 Bxc4 11. Qxc4 Nd7 12. O-O c6 13. Rab1 Qc7
14. Qb4 f6 15. Bf4 Qb6 16. Qc4 Qa6 17. Qxa6 bxa6 18. e4 Nb6 19. Bc7 Nc8 20.
Rb3 Nd6 21. Nd2 Kd7 22. Bxd6 Kxd6 23. Rfb1 Ke6 24. Rb7 Rhd8 25. f4 c5 26.
d5+ Kf7 27. Nc4 Ke8 28. Na5 Bf8 29. c4 Rd7 30. Nc6 Rxb7 31. Rxb7 h5 32. e5
g5 33. fxg5 fxe5 34. g6 e4 35. d6 Bh6 36. d7+ Kf8 37. Rb8+ Rxb8 38. Nxb8
1-0

[Event "Open Duras BVK FIDE"]
[Site "Brno CZE"]
[Date "2009.06.26"]
[Round "1"]
[White "Blahynka,M"]
[Black "Mudra,T"]
[Result "0-1"]
[WhiteElo "1873"]
[BlackElo "2150"]
[EventDate "2009.06.26"]

1. e4 c5 2. Nf3 d6 3. d4 cxd4 4. Nxd4 Nf6 5. Nc3 g6 6. Be3 Bg7 7. f3 O-O 8.
Qd2 Nc6 9. O-O-O d5 10. Qe1 e6 11. Nb3 a5 12. Na4 Qc7 13. Nb6 Rb8 14. Bc5
Rd8 15. exd5 Nxd5 16. Nxd5 exd5 17. Rxd5 Bf5 18. Rxd8+ Rxd8 19. Qe3 Nb4 20.
g4 Bxc2 21. Bc4 Qxh2 22. Bxf7+ Kh8 23. Qe8+ Rxe8 24. Rxh2 Rc8 25. Be6 Rc7
26. Rd2 Bh6 27. Bd4+ Bg7 28. Bxg7+ Kxg7 29. Rd7+ Rxd7 30. Bxd7 Bxb3 31.
axb3 Nd3+ 32. Kd1 Nc5 33. Bc8 Kf6 34. Ke2 b5 35. b4 axb4 36. Ke3 Ke5 37.
f4+ Kd5 38. f5 gxf5 39. gxf5 Ke5 40. f6 Kxf6 41. Kd4 Na4 42. b3 Nc3 43. Kc5
Na2 44. Kxb5 Ke5 45. Kc4 h5 46. Kd3 Kf4 47. Be6 h4 48. Ke2 Kg3 49. Kf1 h3
50. Bd7 h2 51. Bc6 Nc1 52. Ke1 Nxb3 53. Bb7 Nd4 54. Bh1 b3 55. Kd2 b2 0-1

[Event "Open Duras BVK FIDE"]
[Site "Brno CZE"]
[Date "2009.06.26"]
[Round "1"]
[White "Kredl,K"]
[Black "Vitula,J"]
[Result "1-0"]
[WhiteElo "2103"]
[BlackElo "1864"]
[EventDate "2009.06.26"]

1. e4 c5 2. Nf3 g6 3. d4 cxd4 4. Nxd4 Bg7 5. c4 Nc6 6. Be3 d6 7. Nc3 Nf6 8.
Be2 O-O 9. O-O Nxd4 10. Bxd4 Be6 11. Rc1 a5 12. f3 Nd7 13. Be3 Nc5 14. b3
Qd7 15. Qd2 Rfc8 16. Rfd1 Rc6 17. Nb5 Qd8 18. Bf1 Qe8 19. Nd4 Rc7 20. Nb5
Rc6 21. Nc3 Qd8 22. Nd5 Rac8 23. Bg5 Bf8 24. Qf2 h6 25. Be3 Kh7 26. e5 Nd7
27. exd6 Rxd6 28. Bf4 Rdc6 29. Nc3 Bg7 30. Nb5 Ra8 31. Bd3 a4 32. Be4 axb3
33. axb3 Rca6 34. Nc7 Ra2 35. Rc2 Rxc2 36. Qxc2 Ra3 37. Nxe6 fxe6 38. Bxg6+
Kg8 39. c5 Qa5 40. h3 Nxc5 41. b4 1-0

[Event "Open Duras BVK FIDE"]
[Site "Brno CZE"]
[Date "2009.06.26"]
[Round "1"]
[White "Kukla,T"]
[Black "Mlensky,D"]
[Result "0-1"]
[WhiteElo "1851"]
[BlackElo "2093"]
[EventDate "2009.06.26"]

1. e4 d5 2. exd5 Qxd5 3. Nc3 Qa5 4. d4 Nf6 5. Nf3 Bg4 6. h3 Bh5 7. Be2 Nc6
8. O-O O-O-O 9. g4 Bg6 10. Be3 e5 11. Nb5 exd4 12. Nbxd4 Nxd4 13. Bxd4 c5
14. Bc3 Qc7 15. Qc1 Bd6 16. Rd1 h5 17. g5 Ne4 18. Rb1 h4 19. Rxd6 Qxd6 20.
Be5 Qe6 21. Qf4 Qf5 22. Qh2 Nxg5 23. Nxg5 Qxg5+ 24. Bg4+ f5 25. Bf4 Qe7 26.
Bf3 Bh5 27. Qg2 Bxf3 28. Qxf3 Qe4 0-1

[Event "Open Duras BVK FIDE"]
[Site "Brno CZE"]
[Date "2009.06.26"]
[Round "1"]
[White "Stanek,S"]
[Black "Zemanek,J"]
[Result "0-1"]
[WhiteElo "2075"]
[BlackElo "1846"]
[EventDate "2009.06.26"]

1. Nc3 c5 2. e4 d6 3. Bc4 e6 4. d3 a6 5. a4 Nc6 6. Nf3 Nf6 7. Bg5 Be7 8.
O-O Qc7 9. Qd2 O-O 10. h3 b6 11. Rfe1 Bb7 12. Bf4 Nd7 13. Bg5 Nde5 14. Nxe5
Nxe5 15. Bxe7 Qxe7 16. f4 Nc6 17. Ne2 Rfd8 18. Qe3 Nb4 19. Bb3 b5 20. c3
Nc6 21. Ng3 b4 22. f5 Na5 23. Bc2 bxc3 24. bxc3 Rab8 25. Rf1 Kh8 26. f6
gxf6 27. Qh6 Rg8 28. Qh4 Rg5 29. Rf2 Rbg8 30. Nf1 f5 31. Kh1 f6 32. Bd1 Bc6
33. exf5 Rh5 34. Qf4 Rxh3+ 35. Kg1 Re3 36. Qxe3 Bxg2 37. Bh5 Qg7 38. Kh2
Bd5 39. Qf4 Qg1+ 40. Kh3 c4 41. Rf3 Qh1+ 42. Qh2 Rg3+ 0-1

[Event "Open Duras BVK FIDE"]
[Site "Brno CZE"]
[Date "2009.06.26"]
[Round "1"]
[White "Turza,P"]
[Black "Sladek,Vl"]
[Result "0-1"]
[WhiteElo "1837"]
[BlackElo "2075"]
[EventDate "2009.06.26"]

1. Nf3 d5 2. d3 c5 3. Nbd2 Nc6 4. c3 e5 5. e4 Bg4 6. Qc2 Nf6 7. Be2 Be7 8.
Nf1 d4 9. h3 Be6 10. Ng3 h6 11. Bd2 O-O 12. Nf5 Bxf5 13. exf5 Qd7 14. g4
Rad8 15. O-O-O e4 16. Nh4 c4 17. Bxh6 exd3 18. Bxd3 cxd3 19. Rxd3 Nb4 20.
cxb4 Rc8 21. Rc3 dxc3 22. b3 gxh6 23. Rd1 Qc7 24. Kb1 Rfd8 25. Nf3 Rxd1+
26. Qxd1 c2+ 27. Qxc2 Qxc2+ 0-1